|
|
|
|
| LEADER |
02303njm a2200529 a 4500 |
| 001 |
001370606 |
| 003 |
CZ BrMZK |
| 005 |
20140319073230.0 |
| 007 |
sd fsngnnmmnee |
| 008 |
140227p20091949xr ||nn? dfh n cze d |
| 015 |
|
|
|a cnb002097110
|
| 024 |
3 |
|
|a 8594156850067
|
| 028 |
0 |
1 |
|a SBB 007-09-02
|b Společnost Beno Blachuta
|
| 040 |
|
|
|a BOA001
|b cze
|
| 041 |
1 |
|
|d cze
|g cze
|g eng
|h rus
|
| 043 |
|
|
|a e-ru---
|
| 045 |
|
|
|a w-w-
|
| 072 |
|
7 |
|a 782
|x Divadelní hudba. Opera, opereta, muzikál
|2 Konspekt
|9 9
|
| 080 |
|
|
|a 784.2
|2 MRF
|
| 080 |
|
|
|a (086.76)
|2 MRF
|
| 100 |
1 |
|
|a Čajkovskij, Petr Il‘jič,
|d 1840-1893
|7 jn19981002507
|4 cmp
|4 lbt
|
| 240 |
1 |
0 |
|a Jevgenij Onegin.
|l Česky
|
| 245 |
1 |
0 |
|a Eugene Onegin
|h [zvukový záznam] /
|c P.I. Tchaikovsky
|
| 260 |
|
|
|a [Praha] :
|b Společnost Beno Blachuta :
|b Československý rozhlas,
|c c2009, p1949
|
| 300 |
|
|
|a 2 zvukové desky (140:31) :
|b digital, [mono] ;
|c 12 cm
|
| 306 |
|
|
|a 022031
|
| 500 |
|
|
|a Lyrické scény ve třech dějstvích --Vložka pouzdra
|
| 500 |
|
|
|a Libreto autor a Konstantin S. Šilovskij podle A.S. Puškina, v překladu Jeleny Holečkové
|
| 500 |
|
|
|a Kompaktní desky (AAD)
|
| 500 |
|
|
|a Poznámka Ondřeje Hučína a obsah opery vloženy v pouzdře
|
| 511 |
0 |
|
|a Zpívají: Václav Bednář, Maria Tauberová, Beno Blachut, Karel Kalaš ; Pražský rozhlasový orchestr, František Dyk, dirigent
|
| 518 |
|
|
|a Historická nahrávka Českého rozhlasu z r. 1949
|
| 546 |
|
|
|a Zpíváno v češtině
|
| 648 |
|
7 |
|a 19. století
|7 ch460557
|2 czenas
|
| 650 |
0 |
7 |
|a opery
|7 ph123760
|z Rusko
|y 19. stol.
|2 czenas
|
| 655 |
|
7 |
|a kompaktní desky
|7 fd201991
|2 czenas
|
| 700 |
1 |
|
|a Šilovskij, Konstantin Stepanovič,
|d 1849-1893
|7 pna2009505064
|4 lbt
|
| 700 |
1 |
|
|a Puškin, Aleksandr Sergejevič,
|d 1799-1837
|7 jn19990210513
|4 ant
|
| 700 |
1 |
|
|a Dyk, František,
|d 1902-1974
|7 jn20000400600
|4 cnd
|
| 700 |
1 |
|
|a Bednář, Václav,
|d 1905-1987
|7 jn99240000063
|4 sng
|
| 700 |
1 |
|
|a Tauberová, Maria,
|d 1911-2003
|7 jn20000402336
|4 sng
|
| 700 |
1 |
|
|a Blachut, Beno,
|d 1913-1985
|7 jn19990009801
|4 sng
|
| 700 |
1 |
|
|a Kalaš, Karel,
|d 1910-2001
|7 jn20000710134
|4 sng
|
| 910 |
|
|
|a BOA001
|b CDR-1320.483
|
| 990 |
|
|
|a AV
|
| 991 |
|
|
|b 201403
|
| 996 |
6 |
|
|b 2610584043
|c CDR-1320.483
|l MZK
|r Sklad / do 24 hodin
|n 0
|p p.v.
|w 001405575
|u 000010
|a 1
|e BOA001
|j MZK50
|s P
|